Postoje spotrebiteľov k aktivitám dobročinného marketingu na Slovensku
Postoje spotrebiteľov k dobročiným marketingovým aktivitám na Slovensku.
Uložené v:
| Hlavný autor: | |
|---|---|
| Médium: | Kapitola |
| Jazyk: | Slovak |
| Predmet: | |
| Tagy: |
Žiadne tagy, Buďte prvý, kto otaguje tento záznam!
|
MARC
| LEADER | 00000naa a2200000 4500 | ||
|---|---|---|---|
| 001 | 0207181 | ||
| 005 | 20220317124532.8 | ||
| 041 | 0 | |a slo | |
| 044 | |a SK | ||
| 245 | 1 | 0 | |a Postoje spotrebiteľov k aktivitám dobročinného marketingu na Slovensku |c Zdenka Musová |
| 520 | |a Postoje spotrebiteľov k dobročiným marketingovým aktivitám na Slovensku. | ||
| 610 | 2 | 0 | |a Slovensko |
| 610 | 2 | 0 | |a spotrebitelia |
| 610 | 2 | 0 | |a dobrovoľníctvo |
| 610 | 2 | 0 | |a marketing |
| 100 | 1 | |a Musová, Zdenka | |